House price link to good schools (Record no. 66607)

MARC details
000 -LEADER
fixed length control field 00778cam a2200205 4500
001 - CONTROL NUMBER
control field WB3714-22
008 - FIXED-LENGTH DATA ELEMENTS--GENERAL INFORMATION
fixed length control field 000000n2001 000 0 eng u
035 ## - SYSTEM CONTROL NUMBER
System control number (Sirsi) u111785
245 ## - TITLE STATEMENT
Title House price link to good schools
260 ## - PUBLICATION, DISTRIBUTION, ETC.
Date of publication, distribution, etc. 2001
490 ## - SERIES STATEMENT
Series statement Guardian
Volume/sequential designation 3 April 2001, 7(1)
520 ## - SUMMARY, ETC.
Summary, etc. House prices in catchment areas for good schools are significantly higher than those outside, as parents are prepared to pay in order to get their children into good state schools. This is based on research done by Warwick University on house prices in Coventry.`
590 ## - LOCAL NOTE (RLIN)
Local note WB
650 ## - SUBJECT ADDED ENTRY--TOPICAL TERM
Topical term or geographic name entry element HOUSE SALES
650 ## - SUBJECT ADDED ENTRY--TOPICAL TERM
Topical term or geographic name entry element SCHOOLS
650 ## - SUBJECT ADDED ENTRY--TOPICAL TERM
Topical term or geographic name entry element RESEARCH
650 ## - SUBJECT ADDED ENTRY--TOPICAL TERM
Topical term or geographic name entry element CATCHMENT AREAS
690 ## - LOCAL SUBJECT ADDED ENTRY--TOPICAL TERM (OCLC, RLIN)
Topical term or geographic name as entry element PROPERTY-RESIDENTIAL PROPERTY-RESIDENTIAL PROPERTY MARKET
942 ## - ADDED ENTRY ELEMENTS (KOHA)
Suppress in OPAC 0
Holdings
Withdrawn status Lost status Source of classification or shelving scheme Damaged status Not for loan Home library Current library Shelving location Date acquired Total Checkouts Full call number Barcode Date last seen Copy number Price effective from Koha item type
    Dewey Decimal Classification     London London News article 03/04/2001   WB3714-22 111785-1001 06/08/2019 1 06/08/2019 News article